Eros negro (Record no. 123353)

MARC details
000 -LEADER
campo de control de longitud fija 00613nam a2200169 4500
001 - NÚMERO DE CONTROL
campo de control 123353
003 - IDENTIFICADOR DE NÚMERO DE CONTROL
campo de control ES-MaACL
005 - FECHA Y HORA DE LA ÚLTIMA TRANSACCIÓN
campo de control 20230906192145.0
007 - CAMPO FIJO DE DESCRIPCIÓN FÍSICA--INFORMACIÓN GENERAL
campo de control de longitud fija t|
008 - DATOS DE LONGITUD FIJA--INFORMACIÓN GENERAL
campo de control de longitud fija 070214s1967 sp r ||||1| spa d
100 1# - ENTRADA PRINCIPAL--NOMBRE DE PERSONA
Nombre de persona Rachewiltz, Boris de.
9 (RLIN) 94879
245 10 - MENCIÓN DEL TÍTULO
Título Eros negro
Resto del título : costumbres sexuales en Africa, desde la prehistoria hasta nuestros días /
Mención de responsabilidad, etc. por Boris de Rachewiltz ; traducción de José Víctor Botaya Fabra.
260 ## - PUBLICACIÓN, DISTRIBUCIÓN, ETC.
Lugar de publicación, distribución, etc. Barcelona :
Nombre del editor, distribuidor, etc. Sagitario,
Fecha de publicación, distribución, etc. 1967.
300 ## - DESCRIPCIÓN FÍSICA
Extensión 310 p., 38 lám. :
Otras características físicas il. ;
Dimensiones 23 cm.
700 1# - ENTRADA AGREGADA--NOMBRE PERSONAL
Nombre de persona Botaya Fabra, José Víctor.
9 (RLIN) 30741
852 ## - LOCALIZACIÓN
Ubicación ES-MaACL
Número de control de estantería C-32268
Sublocalización o colección R.62755
Holdings
Estatus retirado Estado de pérdida Estado de daño No para préstamo Biblioteca de origen Biblioteca actual Ubicación en estantería Fecha de adquisición Fuente de adquisición Total de préstamos Signatura topográfica completa Código de barras Visto por última vez Precio de reemplazo Tipo de ítem Koha
        Biblioteca del Ateneo de Madrid Biblioteca del Ateneo de Madrid Depósito 2 17/01/2008     C-32268 1128526 23/02/2023 23/02/2023 Libro impreso